000 00558nam a22001937a 4500
005 20251108173316.0
008 250721s2006 xx 000 0 ara d
020 _a9957116533
082 1 4 _a658.8/عبي
100 1 _aعبيدات، محمد ابراهيم
245 1 0 _aالتسويق الصحي والدوائي /
264 1 _aعمان :
_bدار وائل للنشر،
_c2006.
300 _a400 ص.
650 1 7 _aالتسويق
650 1 7 _aالأدوية
700 1 _aدبابنه، جميل سمير
942 _2ddc
_cBK
999 _c100919
_d100919